[Event "Olympiad-42"]
[Site "Baku"]
[Date "2016.09.08"]
[Round "6.2"]
[White "L'Ami, Erwin"]
[Black "Adhiban, Baskaran"]
[Result "0-1"]
[WhiteElo "2611"]
[BlackElo "2671"]
[Annotator "Adhiban,B"]
[PlyCount "132"]
[EventDate "2016.09.02"]
[EventType "team-swiss"]
[EventRounds "11"]
[EventCountry "AZE"]
[SourceTitle "CBM 175"]
[Source "ChessBase"]
[SourceDate "2016.11.10"]
[SourceVersion "1"]
[SourceVersionDate "2016.11.10"]
[SourceQuality "1"]
[WhiteTeam "Netherlands"]
[BlackTeam "India"]
[WhiteTeamCountry "NED"]
[BlackTeamCountry "IND"]

{This clash between the two rising nations on the top board will be one for
the ages! Board 1) Harikrishna-Anish Giri Board 2) l'Ami-Adhiban Board 3)
Vidit-van Wely Board 4) Bok-Sethuraman} 1. d4 Nf6 2. c4 e6 3. Nc3 Bb4 4. Qc2 {
This was a surprise!} Nc6 $5 {Taking the game into Tango type positions.} 5.
Nf3 d6 6. Bd2 Qe7 7. a3 Bxc3 8. Bxc3 a5 {A useful gain of space which at the
same time restricts White's queenside initiative.} 9. e3 (9. e4 e5 10. d5 Nb8
11. c5 O-O 12. Bd3 Na6 13. cxd6 cxd6 14. Bxa5 b6 $1) ({One of my earlier games
in this line proceeded with} 9. b3 O-O 10. e3 e5 11. Be2 Bg4 12. d5 Nb8 {
(Debashis-Adhiban 2011), with a fine game for Black.}) 9... O-O 10. Bd3 (10.
Be2 e5 {looks alright for Black.}) 10... h6 ({The typical} 10... a4 {runs into}
11. d5 $1 ({Another tempting continuation is} 11. g4 $5) 11... exd5 12. Bxf6 (
12. cxd5 Nxd5 13. Bxh7+ Kh8) 12... Qxf6 13. cxd5 $16) ({I rejected} 10... e5 {
in view of} 11. dxe5 dxe5 12. Ng5 ({White retains a slight pull after} 12. Nd2
$5) 12... Ng4 $1 {A nice tactical shot.} ({I only briefly checked} 12... h6 13.
Ne4 Nd7 14. g4 $1 {with a nice initiative for White.}) 13. Nf3 f5 (13... Nf6 {
would give White the chance to return to} 14. Nd2) 14. e4 Nf6 15. O-O fxe4 16.
Bxe4 Nxe4 17. Qxe4 Bf5 18. Qe3 e4 19. Nd4 Nxd4 20. Bxd4 Qf7 {with a draw.}) 11.
O-O e5 12. d5 (12. dxe5 $5 {aiming for open positions.} dxe5 13. Nd2 a4 {
and Black can hope to equalise with precise play.} (13... Be6 14. b3 $14))
12... Nb8 13. Nd2 (13. b4 e4 (13... axb4 14. axb4 Rxa1 15. Bxa1 (15. Rxa1 e4))
14. Bxf6 Qxf6 15. Bxe4 axb4) 13... a4 $1 {In spite of what might happen in the
centre and on the kingside, this is Black's best bet.} 14. f4 Nbd7 15. Rae1 {
In spite of the closed nature of the position White is clearly superior and
hence something went wrong for Black much earlier, probably on move 10.} Re8
16. Bf5 c6 $5 {Opening up the position to compensate for White's initiative.} (
16... e4 17. Bxd7 $1 (17. g4 Nc5 {Black has sufficient counterplay to hold the
balance.}) 17... Bxd7 (17... Nxd7 18. f5 f6 19. Rf4 Nc5 20. Bd4 $16 {rounding
up the e4-pawn.}) 18. f5 b5 19. Bxf6 Qxf6 20. Nxe4 Qe5 (20... Qh4 21. Nd2 bxc4
22. f6 $14) 21. Nc3 bxc4 22. f6 $40 {Black is clearly suffering.}) ({The most
natural} 16... exf4 {doesn't work due to} 17. exf4 Qxe1 18. Rxe1 Rxe1+ 19. Nf1
{Black's pieces are too stuck to capitalise on the two rooks vs queen
advantage.} Re7 20. Ng3 {with a clearly winning position for White.}) ({
Another interesting option was} 16... b5 17. Bxd7 ({One weird way to an
advantage is} 17. e4 $5 Ba6 18. fxe5 Nxe5 19. Nf3 Nxc4 20. Nd4 Bb7 21. Nxb5 $14
) 17... Qxd7 (17... Nxd7 18. cxb5 $16) 18. Nf3 $1 (18. fxe5 dxe5 19. Rxf6 gxf6)
18... bxc4 (18... e4 19. Bxf6 exf3 (19... gxf6 20. Nd4 $14) 20. Bc3 fxg2 21.
Rf2 $1 $16) 19. e4 exf4 20. Bxf6 gxf6 21. Nd4 $14) 17. dxc6 bxc6 18. Ne4 Nxe4
19. Bxe4 Ra6 $5 (19... Bb7 {I felt the bishop might be misplaced here.} 20.
fxe5 Nxe5 (20... dxe5 $2 21. Bb4 $18) 21. c5 $1 dxc5 22. Rf5 $14) 20. Rd1 $5 (
20. Bf5 Nf6 21. fxe5 dxe5 22. Bxc8 Rxc8 23. Qf5 Re8) ({White had a chance to
crown his strategy with the strong} 20. c5 $1 d5 21. Bh7+ Kh8 22. fxe5 {
But Black can fight on with} Ra8 $1 23. Bd3 (23. e6 Qxe6 24. Bf5 Qe7 25. Qd1
Nxc5 26. Qh5 Kg8 27. Bh7+ $1 Kxh7 28. Rxf7 Bg4 29. Rxe7 Bxh5 30. Rxg7+ Kh8 31.
Rg5+ Kh7 32. Rxh5 Kg6 {with approximate equality.}) 23... Nxe5 24. Bxe5 Qxe5
25. Rxf7 Ba6 $1 26. Bxa6 (26. Bg6 Qg5 27. Qf5 Qxf5 28. Rxf5 (28. Bxf5 d4 $44)
28... Re6 29. Bf7 Re7 {and due to White's weakened pawn structure Black is
able to defend this endgame though a pawn down .}) 26... Rxa6 27. Re2 $14 {
White is a pawn up but Black has his saving chances.}) 20... Nf6 (20... exf4
21. Bh7+ $1 Kh8 22. exf4 $16) 21. Bf3 c5 {Another point behind ...Ra6, Black
has sufficiently stablilised the position and all his pieces are working
together well, so much that my opponent decided to take drastic measures...} (
21... Bg4 $2 22. Bxg4 Nxg4 23. Qe2 $18 {[%cal Ge2a6,Ge2g4,Gc4c5]}) 22. Rxd6 (
22. fxe5 dxe5 23. Bd5 $5 {[%cal Ge3e4]} Nxd5 24. cxd5 e4 $1 {with an equal
game.}) 22... Rxd6 23. fxe5 Rd7 $6 {White's major firepower was the two
bishops and hence I decided to get rid of one.} (23... Rdd8 {was stronger:} 24.
exf6 Qxe3+ 25. Kh1 g6 26. Qxa4 Bf5 $1 $15 {and White is not able to whip up
any compensation.}) 24. exf6 Qxe3+ 25. Kh1 Qd3 (25... Bb7 26. Qxa4 Bxf3 (26...
Qd3 27. Rd1 $14) 27. Qxd7 Qe2 28. Rg1 {Black has nothing better than a
perpetual after} Bxg2+ $11) 26. Qxd3 Rxd3 27. fxg7 Ba6 $5 (27... Ree3 $5 {
[%cal Gd3c3]} 28. Bc6 Rxc3 29. bxc3 Rxc3 30. Bxa4 Rxa3 31. Bb5 Kxg7 32. Kg1 Be6
33. Rf4 {with a draw.}) 28. Bc6 Re2 {Trying to save the a4-pawn. I will
summarise the team situation: Vidit took an early draw (or rather was forced
to take it due to a strong equaliser), Sethu was more or less equal (hopefully
another draw on the horizon), Hari was fighting an uphill struggle to hold
against the Dutch prodigy. So I had the best if not the only chance to save my
team!} ({I had a good try in the form of} 28... Ree3 $5 {now White has to find}
29. Kg1 $1 (29. Bxa4 $143 Bxc4 30. Rc1 (30. Rd1 Rxc3 $1 31. bxc3 Rxc3 $15)
30... Bd5 $1 {[%cal Ge3e2]}) 29... Bxc4 30. Rf4 {and once a4 falls it will be
a draw.}) (28... Re7 29. Bxa4 Bxc4 30. Rd1 {would also lead to a draw.}) 29.
Bd5 Re7 {The point! White is not able to win the a4-pawn anymore, Now I
threaten to take on d5 and am also preparing ...Bb7 at the same time but I
underestimated White's resources.} ({I had a draw after} 29... Rf2 30. Re1 Re3
$1 31. Rd1 Rd3 $11 {But in for a penny...}) 30. Bf6 ({A deep computer move is} 
30. Rc1 $5 {aimed against} Bb7 (30... Rde3 $142 31. Kg1 Bb7 32. Bxb7 Rxb7 33.
Rd1 Rxc3 34. bxc3 Rb3 $11) 31. Bf6) 30... Re8 31. Rc1 $1 (31. Bd4 $5 Rxd4 32.
Bxf7+ Kxg7 33. Bxe8 Bxc4 {[%cal Gc4b3] Luckily only Black can play for a win
here.}) 31... Re2 32. Kg1 {By now I realised that my hopes of winning were
more or less gone and also Hari had managed to hold on and was very close to
achieving a draw. And hence it was time for me also to make a draw...} Red2 $1
33. Bf3 Re3 {A funny rook dance.} 34. Bc3 Rd6 35. Bd5 (35. Kf2 Re7 {with ...
Bb7 next.}) 35... Re7 {I managed to make the only moves to prevent any
immediate problems.} 36. Rd1 $2 {The moment of destiny...} (36. Kf2 Bb7 37.
Bxb7 Rxb7 38. Re1 f6 (38... Re6 39. Rd1) 39. Re8+ Kxg7 40. Rc8 Rbb6 $15 {
[%cal Gb6c6]} (40... Rxb2+ 41. Bxb2 Rd2+ 42. Ke3 Rxb2 43. Rxc5)) ({The
computer comes up with the paradoxical} 36. Rb1 $5 Bc8 $1 (36... Bb7 37. b4 $1
{The beautiful hidden point behind the mysterious rook move.} Rb6 (37... Bxd5
38. bxc5) 38. Rd1 $14) 37. b3 (37. h4 Be6 38. Re1 Re8 {with a probable draw})
37... axb3 38. Rxb3 Re8 $11) 36... Bxc4 $1 37. Bf3 (37. Bxf7+ Rxf7 {[%cal
Rf7f1]}) 37... Rxd1+ 38. Bxd1 Bb5 39. Kf2 ({White's best try was} 39. g4 $5 f6
$1 (39... Be2 $5 {changing the character of the struggle} 40. Bxa4 Bxg4 $17) (
39... Re6 40. h4 f6 41. Kf2 {and it's not easy to win the g7-pawn}) 40. h4 Kxg7
41. g5 Re4 $1 42. gxf6+ (42. gxh6+ Kxh6) (42. Bxf6+ Kf7 43. Bh5+ Ke6 $19) 42...
Kf8 $17) 39... Re6 40. Bf3 Bc6 41. Bg4 Rd6 {With ...f6 next and I can finally
get rid of the annoying g7-pawn.} 42. Be5 Rd2+ 43. Ke3 Rxg2 44. h3 h5 $1 45.
Bd1 h4 46. Kf4 Bd7 47. Bf3 Rg1 (47... Rg3 48. Ke3 Rxh3 49. Kf2 {and suddenly
the rook is caught although apparently Black can break free with it after a
long struggle.}) 48. Bf6 Rf1 49. Ke3 Bxh3 {I decided to take a longer route
which will definitely lead me to the final destination!} ({My original
intention was} 49... Bc6 50. Bxc6 Rxf6 51. Bxa4 Rb6 52. b3 {Although this is
clearly winning it felt unnecessary.} Rg6 53. Kd3 Rg3+ 54. Kc4 Rxh3 55. Kxc5
Rg3 $19) 50. Bxh4 Kxg7 51. Bc6 Rb1 52. Bxa4 Rxb2 53. Be7 c4 54. Bb4 Kg6 55. Kd4
Be6 56. Kc3 Ra2 57. Bc6 f5 58. a4 f4 59. a5 Kf5 60. a6 Ke5 {Just in time.} 61.
Bb7 Bd5 62. Bc5 f3 63. Bd4+ Kd6 64. Bxd5 Kxd5 65. a7 Kc6 66. Kxc4 Kb7 {For the
first time (and not the last time) India was leading the Olympiad!} 0-1

[Event "Rishon Le Ziyyon"]
[Site "Rishon Le Ziyyon"]
[Date "1996.??.??"]
[Round "8"]
[White "Alterman, Boris"]
[Black "Kosashvili, Yona"]
[Result "1-0"]
[WhiteElo "2585"]
[BlackElo "2580"]
[Annotator "Alterman,B"]
[PlyCount "91"]
[EventDate "1996.02.??"]
[EventType "tourn"]
[EventRounds "9"]
[EventCountry "ISR"]
[EventCategory "13"]
[SourceTitle "CBM 053"]
[Source "ChessBase"]
[SourceDate "1996.08.01"]
[SourceVersion "1"]
[SourceVersionDate "1996.08.01"]
[SourceQuality "1"]

1. d4 {Dautov} Nf6 2. c4 e6 3. Nc3 Bb4 4. Qc2 Nc6 5. Nf3 d6 6. Bd2 O-O 7. a3
Bxc3 8. Bxc3 Re8 9. Rd1 (9. e3 {Dautov} e5 10. d5 Ne7 11. Bd3 c6 12. dxc6 bxc6
13. O-O Ng6 14. h3 Qe7 15. Bxg6 $1 hxg6 16. c5 $14 {Lautier,J-Piket,J/
Groningen (01) ;CBM 51 1995}) 9... Qe7 10. e3 {N} (10. d5 {Dautov} Nb8 11. dxe6
Bxe6 12. e3 Nbd7 13. Be2 Bg4 14. b3 Ne5 15. Bb2 Rad8 16. Rd4 Bh5 $10 {Bischoff,
K-Hecht,H/Munich 1988}) (10. g3 $6 {Dautov} e5 11. d5 $6 e4 $1 12. Ng5 {
Timman-Morozevich/Amsterdam/1995} Ne5 $1 13. Bg2 $140 Kf8 $1 14. Nxe4 Bf5 $17 {
Timman}) 10... a5 (10... e5 {Dautov} 11. d5 Nb8 12. b4 $5 $14) 11. Be2 e5 12.
d5 Nb8 13. h3 (13. O-O Bg4 $10) (13. Nd2 {Dautov} a4 14. O-O Nbd7 15. e4 Nc5
$10) (13. b4 $5 {Dautov} axb4 14. axb4 Bg4 15. O-O (15. h3 Bh5 16. e4 Nbd7 17.
g4 Bg6 18. Nd2 c6 $13) 15... Nbd7 16. e4 c6 $6 17. dxc6 bxc6 18. Rfe1 $14)
13... a4 $6 14. c5 $1 Bd7 $8 {/\Na6} (14... e4 15. cxd6 cxd6 16. Bxf6 $16 (16.
Nh2 $14 {Dautov /\Ng4}) (16. Bxf6 $6 Qxf6 17. Nd2 Qg6 $15)) (14... Na6 15. Qxa4
$16) (14... Nbd7 $2 {Dautov} 15. cxd6 cxd6 16. Bb5 $16) 15. O-O Na6 16. cxd6 (
16. c6 bxc6 17. dxc6 Bxc6 18. Bxe5 Be4 $1) 16... cxd6 17. e4 b5 (17... Nc5 {
Dautov} 18. Nd2) 18. Nd2 Reb8 {/\b4} 19. Bb4 $6 (19. Ra1 $1 b4 $6 (19... Qd8
20. Rfc1 {/\ Qd1 >< b5}) 20. axb4 Nxb4 21. Qd1 $16) 19... Nxb4 20. axb4 Rc8 21.
Qd3 Rc7 22. Rc1 Rac8 23. Rxc7 Rxc7 24. Qb1 Ne8 $1 (24... Qd8 $5 {Dautov} 25.
Rc1 Qc8 26. Rxc7 Qxc7 $10) 25. Nf3 (25. Rc1 $1 Bxh3 $2 (25... Qg5 26. Rxc7 Nxc7
27. Qc2) 26. Rxc7 Nxc7 27. Qc2 $1 Qg5 (27... Bc8 28. Bxb5 $16) 28. Bf1 Ne8 29.
Qc6 Kf8 30. Nf3 $16) 25... f5 $6 (25... g6 {>=} 26. Rc1 (26. Bd3 {Dautov} Ng7 {
/\f5}) 26... Rxc1+ 27. Qxc1 Qd8 $10) 26. exf5 h6 (26... Qf7 27. Ng5 Qxd5 (27...
Qxf5 $2 28. Qxf5 Bxf5 29. Bxb5 $16) 28. Rd1 Qb3 29. Bf3 (29. Bh5 $36) 29... Bc6
30. f6 Nxf6 31. Rxd6 $16) 27. Rd1 Nf6 28. Nh4 Qf7 29. Ng6 Bc8 $2 (29... Nxd5 $1
30. Bf3 $6 (30. Rxd5 Bxf5 31. Bd3 (31. Qd1 Bxg6 32. Rxd6 $16) 31... Bxg6 32.
Rxd6 (32. Rxb5 $5 $14) 32... Bxd3 33. Rd8+ Kh7 34. Qxd3+ $14 g6 35. g3 Rc1+ 36.
Kg2 Qb7+) (30. Qa2 Bxf5 31. Nxe5 dxe5 32. Qxd5 Qxd5 33. Rxd5 Rc1+ 34. Kh2 Rc2
$10) 30... Bxf5 31. Bxd5 (31. Be4 Bxe4 32. Qxe4 Nf6) 31... Bxb1 32. Bxf7+ Kxf7)
(29... Kh7 30. g4 {/\} Nxd5 $2 31. Qa2 Bc6 32. Bxb5 Bxb5 33. Qxd5 $18) 30. Bxb5
$16 Bb7 (30... Nxd5 31. Qa2 Bxf5 32. Nxe5 dxe5 33. Qxd5 $18) 31. Bc6 Bxc6 32.
dxc6 Rxc6 33. b5 $1 Rb6 34. Qc2 Kh7 (34... Qe8 35. Qxa4 d5 36. Rc1 $18) 35.
Qxa4 Nd7 36. Qc2 h5 37. g4 $1 (37. Ne7 $5 {Dautov} Nf6 38. Nc8 Rxb5 39. Nxd6
$18) 37... Nf8 38. gxh5 Kh6 39. Qd2+ Kh7 40. Qc2 Kh6 41. Nxf8 $1 (41. Qc1+ Kxh5
$8 (41... Kh7 42. Qc8 $18) 42. Nxf8 Qxf8 43. Qe3 $18) 41... Qxf8 42. Qc7 Rxb5
43. Rxd6+ Kxh5 (43... Kh7 44. h6 Rxb2 45. f6 $18) 44. Qc4 $1 Qxd6 (44... Qxf5
45. Qxb5 Qg5+ 46. Kf1 Qc1+ 47. Ke2 Qc2+ 48. Ke3 $18) 45. Qg4+ Kh6 46. Qh4# 1-0

[Event "Bratto op 25th"]
[Site "Bratto"]
[Date "2005.08.23"]
[Round "4"]
[White "Atalik, Suat"]
[Black "Iordachescu, Viorel"]
[Result "1-0"]
[WhiteElo "2561"]
[BlackElo "2606"]
[Annotator "Atalik,S"]
[PlyCount "93"]
[EventDate "2005.08.20"]
[EventType "swiss"]
[EventRounds "9"]
[EventCountry "ITA"]
[SourceTitle "CBM 108 Extra"]
[Source "ChessBase"]
[SourceDate "2005.11.04"]
[SourceVersion "1"]
[SourceVersionDate "2005.11.04"]
[SourceQuality "1"]

1. d4 Nf6 2. c4 e6 3. Nc3 Bb4 4. Qc2 Nc6 $5 {This line is underestimated. Does
anybody know how to play against it?} 5. e3 $5 {A practical decision since I
could have never learned how to handle the positions after the normal} (5. Nf3
d6 6. Bd2 $1 O-O 7. a3 Bxc3 8. Bxc3 a5 9. Rd1 Qe7 (9... Re8 10. e4 Qe7 11. Bd3
e5 12. d5 Nb8 13. c5 Nbd7 14. cxd6 cxd6 15. Bb5 Rf8 16. O-O Nc5 17. Bxe5 $14)
10. g3 $5 e5 11. d5 Nb8 12. c5 Na6 13. cxd6 cxd6 14. Bg2 Bd7 15. Nh4 $1 $14)
5... O-O 6. Bd2 Re8 7. Nf3 (7. Bd3 $5 e5 (7... Bf8 8. a3 d6 9. Nf3 e5 10. Ng5
$1 g6 11. d5 Nb8 12. O-O $14) 8. d5 $13 {looked more risky.}) 7... Bf8 8. Ne4
$1 {A move a la Karpov.} Nxe4 9. Qxe4 a5 $5 (9... d5 10. Qc2 (10. Qb1 $2 e5 11.
dxe5 Nxe5 12. Nxe5 Rxe5 13. Bc3 Rg5 $40) 10... Nb4 11. Qb3) 10. Ne5 $1 d5 $6 (
10... Nxe5 11. dxe5 d5 12. exd6 cxd6 13. Bd3 g6 14. Bc3 Bg7 15. Bxg7 Kxg7 16.
O-O Qf6 17. Rab1 Rd8 $11) 11. Nxc6 bxc6 12. Qc2 e5 13. dxe5 Rxe5 14. Bd3 h6 15.
Bc3 Bb4 16. O-O $14 Re8 17. Rfd1 Bg4 18. Rd2 Qg5 $5 {Black tries to find a
justification for his comprpmised pawn structure.} 19. cxd5 cxd5 20. Bxb4 axb4
21. Qxc7 d4 22. Qf4 $1 dxe3 {After having given white a luft black has to be
careful.} (22... Qxf4 23. exf4 Be6 24. a4 bxa3 25. bxa3 Ra5 $14) 23. fxe3 b3 (
23... Rxe3 24. Qxb4 Rae8 (24... Bf3 25. Bf1 (25. Qd4 Rae8) 25... Re4 26. Qc3
Re3 27. Rd3 $16) 25. a4 Bf3 26. Bf1 $16) 24. Qxg5 hxg5 25. a4 Rxe3 26. a5 $1 {
Things developped like in my game against Ulibin from Beijing Open. White has
to push his a pawn as far as possible.} Kf8 27. a6 Re5 (27... Ra7 28. Ra5 $16)
28. Ra3 Be6 (28... Rd5 $2 29. Be4 Rxd2 30. Bxa8 Rxb2 31. Bd5 $18) 29. a7 $18
Bd5 30. Ra5 $1 f6 31. Re2 $1 Rxe2 32. Bxe2 {White rightfully exchanged
everything.} Bb7 33. Kf2 Ke7 34. Bf3 $1 Bxf3 35. Kxf3 {After having pushed the
pawn all the way to a7 decided the game.} Kd6 (35... f5 36. Ke3 Kd6 37. Kd4 Kc6
38. Ke5 $18) 36. Ke4 Kc6 37. Kf5 Kb6 38. Ra3 Rxa7 39. Rxa7 Kxa7 40. Kg6 {
I have calculated everything till the end after 33.Kf2.} Kb6 41. Kxg7 Kc5 42.
Kxf6 Kd4 43. Kxg5 Kd3 44. h4 Kc2 45. h5 Kxb2 46. h6 {There is no good square
for black's king. Anywhere on a line white exchanges queens after Qa8 check.
On c3 white promotes his queen with check. c2 allows the exchange of queens
after the diagonal check with Qh7. And the last but not the least after Kc1
queens will be exchanged after lateral check with Qh1. So this position is
geometrically lost for black.} Kc1 47. h7 1-0

[Event "Mumbai Wealth op 3rd"]
[Site "Mumbai"]
[Date "2018.01.06"]
[Round "8"]
[White "Atalik, Suat"]
[Black "Rathanvel, VS."]
[Result "1-0"]
[WhiteElo "2535"]
[BlackElo "2323"]
[Annotator "Atalik,S"]
[PlyCount "149"]
[EventDate "2017.12.30"]
[EventType "swiss"]
[EventRounds "9"]
[EventCountry "IND"]
[SourceTitle "CBM 183"]
[Source "ChessBase"]
[SourceDate "2018.03.14"]
[SourceVersion "1"]
[SourceVersionDate "2018.03.14"]
[SourceQuality "1"]

1. d4 Nf6 2. c4 e6 3. Nc3 Bb4 4. Qc2 Nc6 $5 5. Nf3 d6 6. Bd2 O-O 7. a3 Bxc3 8.
Bxc3 Qe7 9. e3 e5 10. dxe5 dxe5 11. Be2 Re8 (11... Bg4 $6 12. O-O Bh5 (12... a5
13. h3 Bh5 14. Nxe5 Nxe5 15. Bxh5 Nxh5 16. Qf5 Ng3 17. fxg3 Nxc4 18. Bxg7 Kxg7
19. Qg4+ Kh8 20. Qxc4 $16) 13. Nxe5 Nxe5 14. Bxh5 Nxh5 15. Qf5 Nxc4 16. Qxh5 {
is the drawback of the bishop's sortie.}) 12. h3 a5 13. O-O a4 {A well known
position since Flohr-Tartakower,Groningen 1946.} 14. Rae1 $146 {I am proud of
my over the board novelty based on an accurate calculation.} (14. Nd2 $5 Be6
15. Bf3) (14. Rad1 Nd7 (14... g6 15. Bd3) 15. Nd2 Nc5 16. Bb4 Nxb4 17. axb4 Na6
18. Qxa4 Bf5 {and the rook stands in the way for} 19. b5 $2 Nb4 20. Qb3 Bc2) (
14. Rfd1 Nd7 (14... g6 15. Bd3 e4 16. Bxf6 exd3 17. Qc3) 15. Nd2 Nc5 16. Bb4)
14... Nd7 (14... g6 15. Bd3 $1) 15. Nd2 Nc5 16. Bb4 $1 (16. f4 $6 exf4 17. Bf3
fxe3 18. Bd5 Be6 19. Rxe3 $44) 16... Nxb4 17. axb4 Na6 18. Qxa4 Rd8 (18... Bf5
19. b5 Nb4 20. Qb3 e4 21. Rd1 Rad8 22. Qa3 c5 23. bxc6 bxc6 24. Qa5 c5 25. Nb3
$16) 19. Rd1 (19. Nf3 e4 20. Nd4 Qxb4 $11) 19... Bf5 (19... Qxb4 20. Nf3 $1 {
keeps the extra pawn.}) 20. Nf3 $1 Nxb4 21. Rxd8+ Rxd8 22. Nxe5 Bc2 23. Qa3 (
23. b3 c5) 23... c5 24. Nf3 h6 25. Qc3 (25. Ra1 Bd3 26. Bxd3 Rxd3 27. Qa8+ Rd8
28. Qa4 Qf6 $132) 25... Rd6 $6 (25... Bd3 $1 26. Re1 Bxe2 27. Rxe2 Rd1+ 28. Kh2
Qd6+ 29. Qe5 (29. g3 Qd3) 29... Qxe5+ 30. Nxe5 f6 31. Nf3 Rc1 $11) 26. Ra1 f6
27. Nd2 $1 (27. Ne1 Be4 28. Rd1 Rxd1 29. Bxd1 Qd6 30. Be2 $14) 27... Qe5 28.
Nf1 $1 {The correct manoeuvre.} Qxc3 29. bxc3 Nc6 (29... Ra6 30. Rc1 (30. Rxa6
Nxa6) 30... Bd3 31. cxb4 Bxe2 32. bxc5 $16) 30. Bf3 Rd3 31. Ra3 f5 32. Ng3 (32.
g4 Ne5 33. Bd5+ $16) 32... Ne5 (32... g6 33. Ne2) 33. Bd5+ Kh7 34. Be6 (34. Ra7
g6 35. Rxb7+ Kh8 $16) 34... Rd1+ 35. Kh2 Kg6 (35... g6 36. Ra7) 36. f4 Kf6 (
36... Rd6 37. Bd5 Nd7 38. Ra2 Bb1 39. Rd2 Rb6 40. e4 $18) 37. Bd5 Nc6 38. Ra2
$1 Bb3 39. Ra8 $18 {Finally White has broken in!} Ne7 40. Rf8+ Kg6 41. Bf7+ Kh7
42. Re8 Rd7 43. Be6 (43. Nxf5 Nxf5 (43... Bxc4 44. Bxc4 Nxf5 45. Bg8+) 44. Bg8+
Kg6 45. Re6+ Kh5 46. Re5 $18) 43... Rc7 44. Nxf5 Nxf5 (44... Bxc4 45. Bxc4 Nxf5
46. Bg8+ $18) 45. Bxf5+ g6 46. Be6 (46. Be4 Bxc4) 46... Ba4 47. Rb8 Re7 48. Bd5
Rxe3 (48... Bc6 49. e4 Bxd5 50. cxd5 Rxe4 51. d6 $18 {and the passer is
unstoppable.}) 49. Rxb7+ Kh8 50. Rc7 Rxc3 51. Rxc5 Bb3 52. Rc8+ Kg7 53. Rc7+
Kh8 (53... Kf8 54. g4) 54. h4 h5 55. Kg1 {White moves his king towards the
part of the board where he could keep the e2-square under control.} ({However
even without that White could have won due to his far advanced pawn phalanx:} 
55. Be4 Rxc4 56. Rxc4 Bxc4 57. Bxg6 Be2 58. Kg3 Kg7 59. f5 Kf6 60. Kf4 Bd1 61.
Bxh5 $1 Bxh5 62. g4 Bf7 63. g5+ Kg7 64. Kg4 Bb3 65. h5 Bd1+ 66. Kh4 Be2 (66...
Bc2 67. h6+ $1 Kh7 68. Kg4 Bd3 69. Kf4 Bc2 70. Ke5 Bd3 71. f6 Kg6 72. Ke6 Bc4+
73. Ke7 Bb3 74. h7 Kxh7 75. f7 Bxf7 76. Kxf7 Kh8 77. Kg6 Kg8 78. Kh6 Kh8 79. g6
Kg8 80. g7 $18) 67. g6 Kf6 68. h6 $18) 55... Rc2 56. Kf1 Ba2 57. Ke1 Bb3 58.
Be4 Rc1+ 59. Kd2 Rxc4 (59... Rh1 60. c5 Rxh4 61. Ke3 $18) 60. Rxc4 Bxc4 61.
Bxg6 Bd5 62. g3 Bf3 63. Ke3 Bd1 64. Bd3 Ba4 65. Ke4 Kg7 66. Kf5 Kh6 67. Ke6
Bb3+ 68. Ke7 Bd5 69. f5 Bb3 70. Bb5 Bc2 71. f6 Bb3 72. Be8 Bc4 73. Bf7 Bd3 74.
Bxh5 Bc4 75. Be8 1-0